000 00387nam a22001457a 4500
005 20200610112855.0
008 200610b xxu||||| |||| 00| 0 eng d
082 _a345.4 AIR
110 _aALL INDIA REPORTER
_95906
245 _aALL INDIA REPORTER, 1971 (VOL-58) SUPREME COURT SECTION
260 _aBOMBAY
_bALL INDIA REPORTER
300 _a2608;p
650 _aLAW
_95701
942 _cJRL
999 _c6968
_d6966